| 000 | 00403nam a2200145 a 4500 | ||
|---|---|---|---|
| 001 | 13788 | ||
| 005 | 20180713202213.0 | ||
| 008 | 140415s1992 000 0 spa d | ||
| 041 | _aspa | ||
| 082 |
_a004.35 _bSHA |
||
| 245 | 0 | 0 | _aSHARED MEMORY MULTIPROCESSING |
| 260 |
_a[s.l.] : _bTHE MIT PRESS, _c1992 |
||
| 300 | _a150 | ||
| 650 | 1 | 4 |
_aMEMORIA MAGNETICA (COMPUTADORES) _xMULTIPROCESADOR |
| 999 |
_c13788 _d13788 |
||